000
00258nam a22000977a 4500
020
_a
0439368030
100
_a
Debbie Dadey and Marcia Thornton Jones
245
_a
Wizards don't wear graduation gowns
260
_a
New York
_b
Scholastic
_c
2002.
942
_c
BK
999
_c
264889
_d
264888